Investigación de la naturaleza y causas de la riqueza de las naciones / (Registro nro. 6722)

Detalles MARC
000 -LEADER
fixed length control field 01161nam a2200265Ia 4500
003 - CONTROL NUMBER IDENTIFIER
control field OSt
005 - DATE AND TIME OF LATEST TRANSACTION
control field 20200623131107.0
008 - FIXED-LENGTH DATA ELEMENTS--GENERAL INFORMATION
fixed length control field 191128s1954 sp gr 000 0 spa d
040 ## - CATALOGING SOURCE
Original cataloging agency CO-JMCR
Transcribing agency CO-JMCR
041 1# - LANGUAGE CODE
Language code of text/sound track or separate title spa
Language code of original eng
082 04 - DEWEY DECIMAL CLASSIFICATION NUMBER
Classification number 330.153 /
Item number S642I
Edition number 23
100 04 - MAIN ENTRY--PERSONAL NAME
Personal name Smith, Adam,
Relator term autor
9 (RLIN) 1565
245 10 - TITLE STATEMENT
Title Investigación de la naturaleza y causas de la riqueza de las naciones /
Statement of responsibility, etc. por Adam Smith ; revisión y adaptación al castellano moderno de la traducción José Añonso Ortiz ; prólogo José M. Tallada
260 ## - PUBLICATION, DISTRIBUTION, ETC.
Place of publication, distribution, etc. Barcelona :
Name of publisher, distributor, etc. Bosch casa editorial,
Date of publication, distribution, etc. 1954.
300 ## - PHYSICAL DESCRIPTION
Extent 343 páginas ;
Dimensions 23 cm.
505 0# - FORMATTED CONTENTS NOTE
Formatted contents note Libro I: De las causas del adelantamiento y perfección en las facultades productivas del trabajo, y del orden con que su producto se distribuye naturalmente entre las diferentes clases del pueblo
546 ## - LANGUAGE NOTE
Language note Traducido del inglés<br/>
650 14 - SUBJECT ADDED ENTRY--TOPICAL TERM
Topical term or geographic name entry element Riqueza
9 (RLIN) 5953
650 24 - SUBJECT ADDED ENTRY--TOPICAL TERM
Topical term or geographic name entry element Liberalismo
9 (RLIN) 5975
650 24 - SUBJECT ADDED ENTRY--TOPICAL TERM
Topical term or geographic name entry element Teoría económica
9 (RLIN) 5976
650 24 - SUBJECT ADDED ENTRY--TOPICAL TERM
Topical term or geographic name entry element Planificación de la producción
9 (RLIN) 5966
700 1# - ADDED ENTRY--PERSONAL NAME
Personal name Ortíz, José Alonso,
Relator term traductor
9 (RLIN) 5977
700 1# - ADDED ENTRY--PERSONAL NAME
Personal name Tallada, José M.,
Relator term prologuista
9 (RLIN) 5978
942 ## - ADDED ENTRY ELEMENTS (KOHA)
Source of classification or shelving scheme Dewey Decimal Classification
Koha item type Books
Existencias
Withdrawn status Lost status Source of classification or shelving scheme Damaged status Not for loan Home library Current library Shelving location Date acquired Source of acquisition Cost, normal purchase price Total Checkouts Full call number Barcode Date last seen Copy number Price effective from Koha item type
    Dewey Decimal Classification     Biblioteca Pública José María del Castillo y Rada Biblioteca Pública José María del Castillo y Rada General Stacks 04/15/2018 Donación 0.00   330.153 / S642I 430002045 05/16/2024 V.1 / Ej.1 06/23/2020 Books